Global Real Estate Equity Analysis System (Record no. 105490)
[ view plain ]
| 000 -LEADER | |
|---|---|
| fixed length control field | 00909cam a2200181 4500 |
| 001 - CONTROL NUMBER | |
| control field | ##L133868 |
| 008 - FIXED-LENGTH DATA ELEMENTS--GENERAL INFORMATION | |
| fixed length control field | 060614n2006 000 0 eng u |
| 035 ## - SYSTEM CONTROL NUMBER | |
| System control number | (Sirsi) u133868 |
| 041 0# - LANGUAGE CODE | |
| Language code of text/sound track or separate title | eng |
| 110 2# - MAIN ENTRY--CORPORATE NAME | |
| Corporate name or jurisdiction name as entry element | AME Capital |
| 9 (RLIN) | 4956 |
| 245 00 - TITLE STATEMENT | |
| Title | Global Real Estate Equity Analysis System |
| 260 ## - PUBLICATION, DISTRIBUTION, ETC. | |
| Place of publication, distribution, etc. | London |
| Name of publisher, distributor, etc. | AME Capital |
| Date of publication, distribution, etc. | 2006 |
| 520 ## - SUMMARY, ETC. | |
| Summary, etc. | Describes the first analytical system to provide detailed information on more than 1 600 listed property companies in more than 55 countries. The system can be searched by both a wide range of financial and property criteria, and is targeted at investors buying shares in property companies. More than a quarter of the companies are REITs. |
| 590 ## - LOCAL NOTE (RLIN) | |
| Local note | IKA200606 |
| 690 ## - LOCAL SUBJECT ADDED ENTRY--TOPICAL TERM (OCLC, RLIN) | |
| Topical term or geographic name as entry element | PROPERTY-PROPERTY FINANCE AND INVESTMENT-PROPERTY INVESTMENT MANAGEMENT |
| 856 40 - ELECTRONIC LOCATION AND ACCESS | |
| Uniform Resource Identifier | <a href="https://www.amecapital.co.uk/">https://www.amecapital.co.uk/</a> |
| Public note | View the item free of charge at www.amecapital.co.uk... |
| 942 ## - ADDED ENTRY ELEMENTS (KOHA) | |
| Suppress in OPAC | 0 |
| Withdrawn status | Lost status | Source of classification or shelving scheme | Damaged status | Not for loan | Home library | Current library | Shelving location | Date acquired | Total Checkouts | Full call number | Barcode | Date last seen | Copy number | Price effective from | Koha item type |
|---|---|---|---|---|---|---|---|---|---|---|---|---|---|---|---|
| Dewey Decimal Classification | Virtual | Virtual | Online | 14/06/2006 | ONLINE PUBLICATION | 133868-1001 | 06/08/2019 | 1 | 06/08/2019 | Book |